[Event "Druzynowe Mistrzostwa Polski Juniorow - II liga"]
[Site "Sypniewo k. Jastrowia"]
[Date "2023-06-17"]
[Round "4.69"]
[White "Kordowski, Lukasz"]
[Black "Plywacz, Mateusz"]
[Result "1/2-1/2"]
[WhiteTitle "II"]
[BlackTitle "II"]
[WhiteElo "1184"]
[BlackElo "1584"]

1. d3 2. d5 3. Nf3 4. Nf6 5. g3 6. g6 7. Bg2 8. Bg7 9. O-O 10. O-O 11. Nbd2 12.
Re8 13. Re1 14. e5 15. e4 16. d4 17. a4 18. c5 19. Nc4 20. Nc6 21. h3 22. h6 23.
Nh2 24. Be6 25. b3 26. Bxc4 27. bxc4 28. Nd7 29. f4 30. f6 31. Qg4 32. Kh7 33.
f5 34. g5 35. Nf3 36. Rh8 37. Qh5 38. Qe8 39. Qxe8 40. Rhxe8 41. Ba3 42. b6 43.
Reb1 44. Rab8 45. Rb2 46. Rb7 47. Rab1 48. Reb8 49. Kf1 50. Kg8 51. Ke2 52. Kf7
53. Kd1 54. Rg8 55. Nd2 56. h5 57. Ke2 58. Bh6 59. Rg1 60. g4 61. h4 Bxd2 62.
Kxd2 63. Rgb8 64. Rgb1 a6 65. Bf1 66. Na7 67. Rb3 68. Ke8 69. Be2 70. Kd8 71.
Bd1 72. Kc7 73. c3 74. Nc6 75. Bc1 76. dxc3+ 77. Kxc3 78. Nd4 79. R3b2 80. Kc6
81. Be3 82. Ra8 83. Bxd4 84. cxd4+ 85. Kb4 86. Nc5 87. Bc2 88. Rab8 89. Ka3 90.
b5 91. cxb5+ 92. axb5 93. Bb3 94. b4+ 95. Ka2 96. Kd6 97. Bd5 98. b3+ 99. Rxb3
100. Rxb3 101. Rxb3 102. Nxb3 103. Bxb3 104. Rb7 105. Bc4 106. Kc5 107. a5 108.
Rb4 109. a6 110. Rxc4 111. dxc4 112. Kb6 113. Kb3 114. Kxa6 115. Kb4 116. Kb7
117. c5 118. d3 119. Kc3 120. d2 121. Kxd2 122. Kc6 123. Kc2 124. Kb5 125. Kd3
126. Kxc5 127. Kc3 1/2-1/2

[Event "Druzynowe Mistrzostwa Polski Juniorow - II liga"]
[Site "Sypniewo k. Jastrowia"]
[Date "2023-06-17"]
[Round "4.70"]
[White "Schiller, Marcin"]
[Black "Karnowka, Kacper"]
[Result "1-0"]
[WhiteTitle "II+"]
[BlackTitle "II"]
[WhiteElo "1327"]
[BlackElo "1151"]

1. d4 2. d5 3. c4 4. e6 5. Nf3 6. Nf6 7. Nc3 8. Be7 9. Bg5 10. Nbd7 11. e3 12.
a6 13. cxd5 14. Nxd5 15. Bxe7 16. Qxe7 17. Rc1 18. N7f6 19. Bd3 20. O-O 21. O-O
22. Bd7 23. Nxd5 24. Nxd5 25. e4 26. Nf4 27. Rxc7 28. Nxd3 29. Qxd3 30. Bb5 31.
Rxe7 32. Bxd3 33. Re1 34. Rab8 35. Ne5 36. Bb5 37. d5 38. exd5 39. exd5 40. Rfe8
41. Nxf7 42. Kf8 43. d6 44. Bd7 45. h4 46. h6 47. R1e4 48. Rxe7 49. Rxe7 50. Be8
51. Ne5 52. Rd8 53. Re6 54. Bd7 55. Nxd7+ 56. Rxd7 57. h5 58. Kf7 59. Rg6 60.
b5 61. f4 62. a5 63. Kf2 64. Rd8 65. Ke3 66. Rc8 67. d7 68. Rd8 69. Rd6 70. Ke7
71. Rd5 72. Rxd7 73. Rxd7+ 74. Kxd7 75. Kd4 76. Kd6 77. g4 78. a4 79. a3 1-0

[Event "Druzynowe Mistrzostwa Polski Juniorow - II liga"]
[Site "Sypniewo k. Jastrowia"]
[Date "2023-06-17"]
[Round "4.71"]
[White "Czerwinska, Oliwia"]
[Black "Bartoszek, Julia"]
[Result "1/2-1/2"]
[WhiteTitle "I"]
[BlackTitle "I"]
[WhiteElo "1431"]
[BlackElo "1373"]

1. e4 2. c5 3. c3 4. e6 5. d4 6. cxd4 7. cxd4 8. d5 9. e5 10. Nc6 11. a3 12. Nge7
13. Nf3 14. Qb6 15. Bd3 16. Bd7 17. Bc2 18. Rc8 19. O-O 20. Na5 21. b4 22. Nc4
23. Nbd2 24. Nxd2 25. Qxd2 26. Bb5 27. Bd3 28. Bc4 29. Bb2 30. Qa6 31. Rfd1 32.
Bxd3 33. Qxd3 34. Qxd3 35. Rxd3 36. Ng6 37. Rc1 38. Rxc1+ 39. Bxc1 40. Be7 41.
Rc3 42. Kd7 43. Kf1 44. f6 45. g3 46. Rc8 47. Rxc8 48. Kxc8 49. Ke2 50. Kd7 51.
Kd3 52. Kc6 53. Kc3 54. Bd8 55. a4 56. a6 57. Be3 58. Bc7 59. exf6 60. gxf6 1/2-1/2

[Event "Druzynowe Mistrzostwa Polski Juniorow - II liga"]
[Site "Sypniewo k. Jastrowia"]
[Date "2023-06-18"]
[Round "5.1"]
[White "Zalega, Maciej"]
[Black "Rychlik, Michal"]
[Result "1-0"]
[WhiteTitle "I++"]
[BlackTitle "I"]
[WhiteElo "2166"]
[BlackElo "1839"]

1. e4 2. e5 3. Nf3 4. Nf6 5. d4 6. Nxe4 7. Bd3 8. d5 9. Nxe5 10. Nd7 11. Nc3 12.
Nxc3 13. bxc3 14. Bd6 15. O-O 16. O-O 17. f4 18. f5 19. c4 20. c6 21. cxd5 22.
cxd5 23. c4 24. Nf6 25. c5 26. Be7 27. Qb3 28. Qc7 29. Rb1 30. Rb8 31. Qa4 32.
Ra8 33. Bd2 34. Be6 35. Rfc1 36. Rfb8 37. Ba5 38. Qc8 39. c6 40. bxc6 41. Nxc6
42. Rxb1 43. Nxe7+ 44. Kf7 45. Rxb1 46. Kxe7 47. Ba6 48. Qe8 49. Qa3+ 50. Kf7
51. Bb7 52. Ne4 53. Bxa8 54. Qxa8 55. Bc7 56. Qc6 57. Qxa7 1-0

[Event "Druzynowe Mistrzostwa Polski Juniorow - II liga"]
[Site "Sypniewo k. Jastrowia"]
[Date "2023-06-18"]
[Round "5.2"]
[White "Haluja, Wiktor"]
[Black "Stachecki, Mikolaj"]
[Result "1/2-1/2"]
[WhiteTitle "II+"]
[BlackTitle "I++"]
[WhiteElo "1573"]
[BlackElo "2016"]

1. e4 2. c5 3. Nf3 4. d6 5. d4 6. cxd4 7. Nxd4 8. Nf6 9. Nc3 10. Nc6 11. Bg5 12.
e6 13. Qd2 14. a6 15. O-O-O 16. Bd7 17. f4 18. b5 19. Bxf6 20. gxf6 21. Kb1 22.
Qb6 23. Nxc6 24. Bxc6 25. f5 26. h5 27. fxe6 28. fxe6 29. Qf4 30. Qc5 31. Qxf6
32. Qe5 33. Qxe5 34. dxe5 35. Bd3 36. Bc5 37. Rhf1 38. Ke7 39. Rf3 40. Rag8 41.
g3 42. h4 43. Rdf1 44. Be8 45. gxh4 46. Rxh4 47. Rg3 48. Rg6 49. a3 50. Rxh2 51.
Rxg6 52. Bxg6 53. Nd1 54. Bh5 55. Re1 56. Kd6 57. a4 58. Kc6 59. axb5+ 60. axb5
61. Ka2 62. Be7 63. Kb3 64. Bg5 65. Ne3 66. Rh3 67. Nd1 68. Bd2 69. Rg1 70. Be2
71. Nf2 72. Rf3 73. Rg2 74. Bf1 75. Rg1 76. Be2 77. Rg2 78. Bf4 79. Ka2 80. Bxd3
81. Nxd3 82. Re3 83. Kb1 84. Rxe4 85. c3 86. Kd5 87. Kc2 88. Re3 89. Rg6 90. Rf3
91. Rf6 92. Kd6 93. b3 94. Ke7 95. Rg6 96. Kf7 97. Rg2 98. e4 99. Ne1 100. Re3
101. Rf2 102. e5 103. Ng2 104. Rf3 105. Re2 106. Kf6 107. c4 108. bxc4 109. bxc4
110. Kf5 111. c5 112. Rf1 113. Ne3+ 114. Bxe3 115. Rxe3 116. Ra1 117. c6 118.
Ra7 119. Rc3 120. Rc7 121. Kd2 122. Ke6 123. Ke3 124. Kd5 125. Rc1 126. Rxc6 127.
Rxc6 128. Kxc6 129. Kxe4 130. Kd6 131. Ke3 132. Kd5 133. Kd3 134. e4+ 135. Ke3
136. Ke5 137. Ke2 138. Kd4 139. Kd2 140. e3+ 141. Ke2 142. Ke4 143. Ke1 144. Kd3
145. Kd1 146. e2+ 147. Ke1 148. Ke3 1/2-1/2

[Event "Druzynowe Mistrzostwa Polski Juniorow - II liga"]
[Site "Sypniewo k. Jastrowia"]
[Date "2023-06-18"]
[Round "5.3"]
[White "Ratajczak, Hubert"]
[Black "Majcher, Igor"]
[Result "1-0"]
[WhiteTitle "I"]
[BlackTitle "I"]
[WhiteElo "1958"]
[BlackElo "1732"]

1. c4 2. e5 3. Nc3 4. Nf6 5. Nf3 6. Nc6 7. e4 8. Bc5 9. Nxe5 10. Nxe5 11. d4 12.
Bb4 13. dxe5 14. Nxe4 15. Qd4 16. Nc5 17. Be2 18. Ne6 19. Qe4 20. d6 21. O-O 22.
Bxc3 23. bxc3 24. dxe5 25. Ba3 26. c5 27. Qxe5 28. Qa5 29. Bc1 30. O-O 31. Bd3
32. Qc7 33. Qf5 34. g6 35. Qf6 36. Qd8 37. Qf3 38. Rb8 39. Bh6 40. Re8 41. Qg3
42. Bd7 43. f4 44. Qc7 45. Rae1 46. Ng7 47. Re5 48. Rxe5 49. fxe5 50. Be6 51.
Qf4 52. Rd8 53. Be2 54. b6 55. Qf6 56. Ne8 57. Qxe6 1-0

[Event "Druzynowe Mistrzostwa Polski Juniorow - II liga"]
[Site "Sypniewo k. Jastrowia"]
[Date "2023-06-18"]
[Round "5.4"]
[White "Bilochenko, Matvii"]
[Black "Prokopiuk, Jakub"]
[Result "1-0"]
[WhiteTitle "II+"]
[BlackTitle "I"]
[WhiteElo "1438"]
[BlackElo "1522"]

1. d4 2. d5 3. c4 4. e6 5. Nc3 6. Nf6 7. cxd5 8. exd5 9. Bg5 10. c6 11. e3 12.
Bd6 13. Bd3 14. O-O 15. Nf3 16. h6 17. Bh4 18. Re8 19. O-O 20. Nbd7 21. Qc2 22.
Nf8 23. Rab1 24. a5 25. a3 26. Bg4 27. Nd2 28. Be6 29. Kh1 30. Be7 31. Nf3 32.
N8d7 33. h3 34. Nh5 35. Bxe7 36. Qxe7 37. b4 38. axb4 39. axb4 40. Qf6 41. Qe2
42. Ra3 43. Rfc1 44. Bf5 45. Bxf5 46. Qxf5 47. g4 48. Qh7 49. Qb2 50. Rxc3 51.
Qxc3 52. Qe4 53. Kg2 54. Nhf6 55. Qc2 56. Qe6 57. Qf5 58. Qd6 59. Qf4 60. Qe6
61. b5 62. Ra8 63. bxc6 64. bxc6 65. Ne5 66. Nxe5 67. Qxe5 68. Ra2 69. Qxe6 70.
fxe6 71. Rxc6 72. Ne4 73. Rf1 74. Kf7 75. Kg1 76. Nd2 77. Rfc1 78. Nf3+ 79. Kg2
80. Nh4+ 81. Kg3 82. Ng6 83. Rc7+ 84. Kf6 85. Rb7 86. Nh8 87. Rc8 88. Ng6 89.
h4 90. Ra1 91. Rcc7 92. Nh8 93. Rxg7 1-0

[Event "Druzynowe Mistrzostwa Polski Juniorow - II liga"]
[Site "Sypniewo k. Jastrowia"]
[Date "2023-06-18"]
[Round "5.5"]
[White "Goraj, Barbara"]
[Black "Lopusiewicz, Marta"]
[Result "1-0"]
[WhiteTitle "WCM"]
[BlackTitle "II+"]
[WhiteElo "2176"]
[BlackElo "1153"]

1. e4 2. c6 3. d4 4. d5 5. f3 6. dxe4 7. fxe4 8. e5 9. Nf3 10. exd4 11. Bc4 12.
Nd7 13. O-O 14. Ngf6 15. Qe1 16. Be7 17. Qg3 18. Nh5 19. Ng5 20. Ne5 21. Qxe5
22. f6 23. Bf7+ 24. Kd7 25. Qxd4+ 26. Kc7 27. Qxd8+ 28. Kxd8 29. Ne6+ 30. Bxe6
31. Bxe6 32. g6 33. Be3 34. Kc7 35. Bg4 36. Ng7 37. Nc3 38. h5 39. Bh3 40. Rad8
41. Rad1 42. Rxd1 43. Rxd1 44. Bd6 45. Bd4 46. Ne8 47. Re1 48. g5 49. Bf5 50.
Be5 51. Bxe5+ 52. fxe5 53. Nd1 54. Ng7 55. Ne3 56. Rd8 57. Rd1 58. Rxd1+ 59. Nxd1
60. Nxf5 61. exf5 62. Kd7 63. Nc3 64. Ke7 65. Ne4 66. b6 67. g4 h4 68. Nxg5 69.
Kf6 70. Ne4+ 71. Kf7 72. g5 73. c5 74. g6+ 75. Kg7 76. Kg2 1-0

[Event "Druzynowe Mistrzostwa Polski Juniorow - II liga"]
[Site "Sypniewo k. Jastrowia"]
[Date "2023-06-18"]
[Round "5.6"]
[White "Michalska, Lena"]
[Black "Rusiecki, Katarzyna"]
[Result "0-1"]
[WhiteTitle "I"]
[BlackTitle "I+"]
[WhiteElo "1461"]
[BlackElo "1332"]

1. c4 2. e6 3. Nc3 4. f5 5. g3 6. Nf6 7. Bg2 8. Be7 9. d3 10. O-O 11. e4 12. fxe4
13. dxe4 14. e5 15. Nge2 16. Kh8 17. O-O 18. c6 19. Qd3 20. Na6 21. b3 22. Nc5
23. Qc2 24. Ne6 25. Bb2 26. Qe8 27. Nd1 28. Qh5 29. h3 30. d6 31. Ne3 32. Ng5
33. g4 34. Nxh3+ 35. Bxh3 36. Qxh3 37. f3 38. Ng8 39. Nf5 40. Bxf5 41. exf5 42.
Rf6 43. Bc1 44. d5 45. c5 46. e4 47. Nf4 48. Qg3+ 49. Qg2 50. Bxc5+ 51. Kh1 52.
Rh6+ 53. Nh5 54. Qh4+ 55. Qh2 56. Qxh2+ 57. Kxh2 58. e3 59. Kg2 60. d4 61. Bb2
62. Nf6 63. Nf4 64. Nd5 65. Ne6 66. Rxe6 67. fxe6 68. Nf4+ 69. Kg3 70. Nd3 71.
Bxd4 72. Bxd4 73. Rfd1 74. Be5+ 75. f4 76. Nxf4 77. Rab1 78. e2 79. Rh1 80. Nxe6+
81. Kf2 82. Nd4 83. Rh5 84. Rf8+ 85. Ke3 86. e1=Q+ 87. Rxe1 88. Nc2+ 89. Ke2 90.
Nxe1 91. Rxe5 92. Nc2 93. Re7 94. Rb8 95. g5 96. Nb4 97. g6 98. hxg6 99. Kf3 100.
Nxa2 101. Kg4 102. Kh7 103. Kg5 104. Nc3 105. Re3 106. Nd5 107. Rh3+ 108. Kg8
109. Rh1 110. Ne7 111. Ra1 112. a6 113. Re1 114. Kf7 115. Rd1 116. b5 117. Ra1
118. Rb6 119. b4 120. Nd5 121. Rf1+ 122. Ke7 123. Kxg6 124. c5+ 125. Kxg7 126.
cxb4 127. Rf5 128. Kd6 129. Kg6 130. Ne7+ 0-1

[Event "Druzynowe Mistrzostwa Polski Juniorow - II liga"]
[Site "Sypniewo k. Jastrowia"]
[Date "2023-06-18"]
[Round "5.7"]
[White "Kulig, Pawel"]
[Black "Kolodziejski, Piotr"]
[Result "1-0"]
[WhiteTitle "I"]
[BlackTitle "k"]
[WhiteElo "1969"]
[BlackElo "2049"]

1. d4 2. Nf6 3. c4 4. e6 5. Nc3 6. Bb4 7. Qc2 8. b6 9. e4 10. c5 11. d5 12. Qe7
13. Ne2 14. exd5 15. exd5 16. d6 17. Bd2 18. O-O 19. f3 20. Ba6 21. O-O-O 22.
Bxc4 23. Ng3 24. Bxf1 25. Rhxf1 26. Re8 27. Nf5 28. Qd7 29. g4 30. Bxc3 31. Bxc3
32. Qd8 33. Qd2 34. h6 35. Nxh6+ 36. gxh6 37. Qxh6 38. Nbd7 39. g5 40. Qe7 41.
gxf6 42. Qe3+ 43. Qxe3 44. Rxe3 45. Rg1+ 46. Kh8 47. Rg3 48. Nf8 49. Rdg1 50.
Nh7 51. Kd2 52. Rae8 53. Rh3 54. Re2+ 55. Kd1 56. Rf2 57. Rg7 58. Rf1+ 59. Kc2
1-0

[Event "Druzynowe Mistrzostwa Polski Juniorow - II liga"]
[Site "Sypniewo k. Jastrowia"]
[Date "2023-06-18"]
[Round "5.8"]
[White "Kejna, Piotr"]
[Black "Ochalik, Filip"]
[Result "1/2-1/2"]
[WhiteTitle "CM"]
[BlackTitle "I"]
[WhiteElo "1991"]
[BlackElo "1697"]

1. e4 2. c5 3. Nf3 4. Nc6 5. d4 6. cxd4 7. Nxd4 8. e5 9. Nb5 10. d6 11. N1c3 12.
a6 13. Na3 14. Be6 15. g3 16. Be7 17. Bg2 18. Nf6 19. O-O 20. b5 21. Nd5 22. Bxd5
23. exd5 24. Na5 25. c4 26. Nxc4 27. Nxc4 28. bxc4 29. Qa4+ 30. Qd7 31. Qxc4 32.
O-O 33. Bd2 34. Rfc8 35. Qd3 36. Qb7 37. Bc3 38. Nd7 39. Qe2 40. f5 41. g4 42.
f4 43. Rad1 44. Bf6 45. Be4 46. g6 47. Kg2 48. Nc5 49. Bc2 50. Qd7 51. f3 52.
a5 53. Be1 54. Rab8 55. b3 56. a4 57. b4 58. Na6 59. a3 60. Nc7 61. h4 62. Ra8
63. h5 64. Kg7 65. Qe4 66. Qf7 67. Bb1 68. Nb5 69. Qd3 70. Rab8 71. Rh1 72. Nd4
73. Bf2 74. Qxd5 75. g5 76. Bxg5 77. hxg6 78. h6 79. Bxd4 80. Qxd4 81. Qf5 82.
Qb2+ 83. Kh3 84. Rc7 85. Rxd6 86. Re8 87. Rhd1 88. Qxa3 89. Rd7+ 90. Re7 91. Qxe5+
92. Bf6 93. Rxe7+ 94. Rxe7 95. Qd5 96. Qxb4 97. Ba2 98. Qb8 99. Qd8 100. Qxd8
101. Rxd8 102. Kxg6 103. Ra8 104. Bg5 105. Rxa4 106. Re3 107. Bb1+ 108. Kf6 109.
Be4 110. Ke5 111. Rb4 1/2-1/2

[Event "Druzynowe Mistrzostwa Polski Juniorow - II liga"]
[Site "Sypniewo k. Jastrowia"]
[Date "2023-06-18"]
[Round "5.9"]
[White "Futyma, Dawid"]
[Black "Komendecki, Antoni"]
[Result "0-1"]
[WhiteTitle "I"]
[BlackTitle "I++"]
[WhiteElo "1685"]
[BlackElo "1965"]

1. Nf3 2. c5 3. e3 4. d5 5. b3 6. Nc6 7. Bb5 8. Qc7 9. Bxc6+ 10. Qxc6 11. Ne5 12.
Qc7 13. Bb2 14. Nh6 15. f4 16. f6 17. Nf3 18. e6 19. d3 20. Bd6 21. Nbd2 22. O-O
23. O-O 24. Bd7 25. a4 26. Nf5 27. Qe2 28. d4 29. exd4 30. cxd4 31. Nc4 32. Bxf4
33. g3 34. Be3+ 35. Nxe3 36. dxe3 37. Nd4 38. Rac8 39. Rac1 40. Qb6 41. Nxf5 42.
exf5 43. Rf4 44. Rfe8 45. Bd4 46. Qe6 47. c4 48. g5 49. Rf3 50. f4 51. gxf4 52.
Qg4+ 53. Qg2 54. Qxg2+ 55. Kxg2 56. Bc6 57. Kg3 58. Bxf3 59. Kxf3 60. Rcd8 61.
Bxe3 62. Rxd3 63. Re1 64. Rxb3 65. fxg5 66. fxg5 67. Kf2 68. g4 69. Bxa7 70. Rf3+
0-1

[Event "Druzynowe Mistrzostwa Polski Juniorow - II liga"]
[Site "Sypniewo k. Jastrowia"]
[Date "2023-06-18"]
[Round "5.10"]
[White "Kawulski-chodkiewicz, Alexander"]
[Black "Krzyzek, Daniel"]
[Result "1-0"]
[WhiteTitle "I"]
[BlackTitle "II"]
[WhiteElo "1697"]
[BlackElo "1244"]

1. e4 2. c5 3. Nf3 4. d6 5. d4 6. cxd4 7. Nxd4 8. Nf6 9. Nc3 10. g6 11. Be3 12.
Bg7 13. Bc4 14. Nc6 15. Bb3 16. Bd7 17. f3 18. O-O 19. Qd2 20. a6 21. O-O-O 22.
b5 23. h4 24. Rb8 25. g4 26. Na5 27. h5 28. Nxb3+ 29. Nxb3 30. a5 31. hxg6 32.
fxg6 33. Bh6 34. Rf7 35. Bxg7 36. Rxg7 37. Nd5 38. a4 39. Nxf6+ 40. exf6 41. Nd4
42. b4 43. Kb1 44. Rb6 45. Ne2 46. Be6 47. Nf4 48. Bf7 49. Nd5 50. Bxd5 51. Qxd5+
52. Kf8 53. Rd3 54. Re7 55. f4 56. Qe8 57. Qd4 58. Rc6 59. Qxf6+ 60. Kg8 61. Rdd1
62. Rxe4 63. Rxh7 64. Kxh7 65. Rh1+ 1-0

[Event "Druzynowe Mistrzostwa Polski Juniorow - II liga"]
[Site "Sypniewo k. Jastrowia"]
[Date "2023-06-18"]
[Round "5.11"]
[White "Siwak, Aleksandra"]
[Black "Romejko, Jagoda"]
[Result "1-0"]
[WhiteTitle "II"]
[BlackTitle "I"]
[WhiteElo "1172"]
[BlackElo "1525"]

1. e4 2. d5 3. exd5 4. Qxd5 5. Nf3 6. Bg4 7. Be2 8. Nc6 9. c4 10. Qd7 11. h3 12.
Bf5 13. d4 14. Nb4 15. Na3 16. O-O-O 17. Qb3 18. e6 19. c5 20. Nc6 21. Bb5 22.
Nge7 23. O-O 24. a6 25. Ba4 26. Qd5 27. Qxd5 28. Rxd5 29. Rd1 30. h6 31. Bc2 32.
Bxc2 33. Nxc2 34. Nf5 35. Bf4 36. g5 37. Be5 38. Nxe5 39. Nxe5 40. f6 41. Nc4
42. Be7 43. g4 44. Ng7 45. Re1 46. h5 47. Rad1 48. hxg4 49. hxg4 50. Rh4 51. f3
52. f5 53. Ne5 54. Bf6 55. Ne3 56. Rd8 57. N3c4 58. Rh3 59. Rd2 60. Rdh8 61. Kf2
62. fxg4 63. Nxg4 64. Be7 65. Nce5 66. Nh5 67. Ng6 68. Rh7 69. Rxe6 70. Bd8 71.
Re8 72. Rf7 73. N6e5 74. Re7 75. Rxe7 76. Bxe7 77. Ng6 78. Bd8 79. Re2 80. Ng7
81. Kg2 82. Rh7 83. Re5 84. b6 1-0

[Event "Druzynowe Mistrzostwa Polski Juniorow - II liga"]
[Site "Sypniewo k. Jastrowia"]
[Date "2023-06-18"]
[Round "5.12"]
[White "Miklosz, Malgorzata"]
[Black "Pawlikowska, Ewa"]
[Result "1-0"]
[WhiteTitle "I"]
[BlackTitle "I"]
[WhiteElo "1299"]
[BlackElo "1325"]

1. e4 2. c5 3. Nf3 4. d6 5. d4 6. cxd4 7. Nxd4 8. Nf6 9. Nc3 10. a6 11. Bc4 12.
e6 13. Bb3 14. b5 15. Bg5 16. Be7 17. Qf3 18. Qc7 19. O-O-O 20. O-O 21. e5 22.
Bb7 23. exf6 24. Bxf3 25. fxe7 26. Bxd1 27. Nxe6 28. Qc8 29. exf8=Q+ 30. Qxf8
31. Nxf8 32. Kxf8 33. Rxd1 34. Nd7 35. Rxd6 36. Nc5 37. Bd5 38. Rc8 39. Rc6 40.
Rxc6 41. Bxc6 42. f6 43. Be3 44. Ne6 45. Bd5 46. Nc7 47. Bc5+ 48. Ke8 49. Bc6+
50. Kf7 51. Bb7 52. Ke6 53. Bb6 54. Ne8 55. Bxa6 56. Nd6 57. Nxb5 58. Nxb5 59.
Bxb5 60. Kd5 61. a4 62. Kd6 63. a5 64. Kd5 65. a6 66. Kd6 67. a7 68. Kd5 69. a8=Q+
70. Kd6 71. Qc6+ 72. Ke5 73. Bc7+ 74. Kf5 75. Bd3+ 76. Kg5 77. h4+ 78. Kxh4 79.
Qe4+ 80. Kg5 81. Qf5+ 82. Kh4 83. g3# 1-0

[Event "Druzynowe Mistrzostwa Polski Juniorow - II liga"]
[Site "Sypniewo k. Jastrowia"]
[Date "2023-06-18"]
[Round "5.13"]
[White "Halhoul, Adam"]
[Black "Stepinski, Piotr"]
[Result "0-1"]
[WhiteTitle "I"]
[BlackTitle "I"]
[WhiteElo "1759"]
[BlackElo "1845"]

1. d4 2. Nf6 3. c4 4. g6 5. Nc3 6. Bg7 7. e4 8. d6 9. Be2 10. O-O 11. Nf3 12. e5
13. O-O 14. exd4 15. Nxd4 16. Nc6 17. Be3 18. Nxd4 19. Bxd4 20. Re8 21. Bf3 22.
Be6 23. b3 24. Nd7 25. Bxg7 26. Kxg7 27. g3 28. Bh3 29. Bg2 30. Bxg2 31. Kxg2
32. Nc5 33. Qd4+ 34. f6 35. b4 36. Ne6 37. Qd3 38. a5 39. a3 40. Qe7 41. Nd5 42.
Qf7 43. f4 44. c6 45. Ne3 46. Qe7 47. Ng4 48. h5 49. Nf2 50. Nc7 51. Rfe1 52.
axb4 53. axb4 54. Rxa1 55. Rxa1 56. Ra8 57. Rxa8 58. Nxa8 59. Nd1 60. Nc7 61.
Nc3 62. Na6 63. Na2 64. Kh7 65. Kf3 66. Qe6 67. Qc3 68. Kg7 69. Ke3 70. h4 71.
Nc1 72. Qh3 73. Ne2 74. Qxh2 75. e5 76. hxg3 77. exf6+ 78. Kf7 79. Qd4 80. Qf2+
81. Kd3 82. Nxb4+ 83. Kc3 84. Qxe2 85. Qxd6 86. Qd3+ 0-1

[Event "Druzynowe Mistrzostwa Polski Juniorow - II liga"]
[Site "Sypniewo k. Jastrowia"]
[Date "2023-06-18"]
[Round "5.14"]
[White "Haladaj, Adam"]
[Black "Bednarczyk, Mateusz"]
[Result "1/2-1/2"]
[WhiteTitle "I"]
[BlackTitle "I"]
[WhiteElo "1620"]
[BlackElo "1681"]

1. e4 2. c5 3. Nf3 4. d6 5. d4 6. cxd4 7. Nxd4 8. Nf6 9. Nc3 10. Nc6 11. f3 12.
e5 13. Nb3 14. Be7 15. Be3 16. O-O 17. Qd2 18. Be6 19. O-O-O 20. a5 21. Bb5 22.
Na7 23. Bxa7 24. Rxa7 25. a4 26. Qb6 27. Kb1 28. Rd8 29. Nd5 30. Nxd5 31. exd5
32. Bd7 33. Bxd7 34. Rxd7 35. Nc1 36. Ra8 37. Na2 38. Rc8 39. c3 40. Rdc7 41.
Kc2 42. Rc5 43. Qd3 44. Qc7 45. b3 46. Qd7 47. c4 48. b5 49. axb5 50. Rxb5 51.
Nc3 52. Rb4 53. Ra1 54. Qa7 55. Rhe1 56. Bd8 57. Re2 58. Bb6 59. Ra4 60. Bd4 61.
Rxb4 62. axb4 63. Na4 64. Qb7 65. Kb1 66. Ra8 67. g4 68. Qd7 69. Ra2 70. Qe7 71.
Re2 72. Qf6 1/2-1/2

[Event "Druzynowe Mistrzostwa Polski Juniorow - II liga"]
[Site "Sypniewo k. Jastrowia"]
[Date "2023-06-18"]
[Round "5.15"]
[White "Sakharchuk, Aliaksandr"]
[Black "Gawlik, Olivier"]
[Result "1/2-1/2"]
[WhiteTitle "II+"]
[BlackTitle "II+"]
[WhiteElo "1509"]
[BlackElo "1530"]

1. e4 2. c5 3. g3 Nc6 4. d3 5. e6 6. Bg2 7. d5 8. Nd2 9. Nf6 10. Ngf3 11. Be7 12.
O-O 13. O-O 14. e5 15. Ng4 16. Re1 17. f6 18. exf6 19. Bxf6 20. h3 Nge5 21. Nxe5
22. Nxe5 23. Nf3 24. Nxf3+ 25. Bxf3 26. e5 27. c4 28. dxc4 29. dxc4 30. Qxd1 31.
Rxd1 32. Rb8 33. Kg2 34. Be6 35. Bd5 Kf7 36. Be3 37. b6 38. f4 39. exf4 40. Bxf4
41. Rbd8 42. Rd2 Rfe8 43. Rf1 44. Kg8 45. b4 Bd4 46. Bxe6+ 47. Rxe6 48. bxc5 49.
bxc5 50. Rfd1 51. Rde8 52. Kf3 53. Ra6 54. Rb1 55. h6 56. h4 57. Ra3+ 58. Rb3
59. Ra4 60. Rc2 61. Ra6 1/2-1/2

[Event "Druzynowe Mistrzostwa Polski Juniorow - II liga"]
[Site "Sypniewo k. Jastrowia"]
[Date "2023-06-18"]
[Round "5.16"]
[White "Skrzypiec, Franciszek"]
[Black "Nagly, Krzysztof"]
[Result "0-1"]
[WhiteTitle "II"]
[BlackTitle "II"]
[WhiteElo "1230"]
[BlackElo "1459"]

1. e4 2. c5 3. Nf3 4. Nc6 5. Bb5 6. g6 7. Bxc6 8. bxc6 9. O-O 10. Bg7 11. Nc3 12.
d5 13. d3 14. e6 15. a4 16. Ne7 17. e5 18. O-O 19. Re1 20. h6 21. Bf4 22. Rb8
23. b3 24. Nf5 25. a5 26. Qe7 27. a6 28. Rb6 29. Ra5 30. Rxa6 31. Qa1 32. Rxa5
33. Qxa5 34. g5 35. Bc1 36. Re8 37. Ba3 38. Bf8 39. g4 40. Nh4 41. Nxh4 42. gxh4
43. h3 44. Qg5 45. Bxc5 46. Qd2 47. Re2 48. Qc1+ 49. Kg2 50. Bg7 51. Qa2 52. Qf4
53. Bd6 54. h5 55. Qa4 56. Qg5 57. Qxc6 58. Rd8 59. Qa4 60. Bb7 61. f3 62. Rc8
63. Qb4 64. Ba8 65. Be7 66. Qc1 67. Bf6 68. Bf8 69. Na2 70. Qa1 71. Qf4 72. Bc5
73. Qg5+ 74. Kf8 75. Qg7+ 76. Ke8 77. Qg8+ 78. Kd7 79. Qxf7+ 80. Kc6 81. Qxe6+
82. Kc7 83. Qf7+ 84. Kb8 85. d4 86. Bxd4 87. Nc1 88. Qxc1 89. Re3 90. Rxc2+ 91.
Re2 0-1

[Event "Druzynowe Mistrzostwa Polski Juniorow - II liga"]
[Site "Sypniewo k. Jastrowia"]
[Date "2023-06-18"]
[Round "5.17"]
[White "Nagly, Malgorzata"]
[Black "Banasiak, Adrianna"]
[Result "0-1"]
[WhiteTitle "II"]
[BlackTitle "I"]
[WhiteElo "1021"]
[BlackElo "1507"]

1. d4 2. Nf6 3. c4 4. g6 5. Nc3 6. d5 7. cxd5 8. Nxd5 9. e4 10. Nxc3 11. bxc3 12.
Bg7 13. Bc4 14. c5 15. Ne2 16. Nc6 17. Be3 18. O-O 19. O-O 20. Bg4 21. f3 22.
Na5 23. Bxf7+ 24. Rxf7 25. fxg4 26. Rxf1+ 27. Qxf1 28. Nc4 29. Qf2 30. Nxe3 31.
Qxe3 32. Qd6 33. e5 34. Qe6 35. Qe4 36. Rb8 37. h3 38. Qc4 39. Qc2 40. cxd4 41.
Nxd4 42. Bxe5 43. Qb3 44. Rc8 45. Nb5 46. a6 47. Re1 48. Qxb3 49. axb3 50. Bf6
51. Na3 52. Rxc3 53. Rb1 54. b5 55. Kf2 56. Be5 57. Re1 58. Bg3+ 59. Ke2 60. Bxe1
61. Kxe1 62. Rxb3 63. Nc2 64. a5 65. Kd2 66. a4 67. Nd4 68. Rb2+ 69. Nc2 70. a3
71. Kc1 72. b4 73. Ne3 74. Re2 75. Nd5 76. a2 77. Nxb4 78. a1=Q# 0-1